Music Quiz

Random Music or Kpop Quiz

KPOP: 4 Pictures 1 Song Quiz Stats

 Plays Quiz not verified by Sporcle

Challenge
Share
Tweet
Score 0/15 Timer 07:00
1 Play Today
% Correct
Red Light
90.7%
Wolf
86.1%
Rose
85.2%
Trap
84.6%
Crayon
82.6%
Wedding Dress
74.5%
Stop Girl
72.5%
I Need a Girl
62.2%
% Correct
Love Song
62%
No No No
57.6%
Boy in Luv
54.9%
Good Luck
54.7%
Girls Girls Girls
54.6%
Come Back Home
38.8%
Good Night Kiss
29.2%

You're not logged in!

Compare scores with friends on all Sporcle quizzes.
Join for Free
OR
Log In

You Might Also Like...

Show Comments

Extras

Curator's Pick Nov 4, 2015ReportNominate
Tags:Kpop Quiz, Kpop Quiz

Top Quizzes Today


Score Distribution

Your Account Isn't Verified!

In order to create a playlist on Sporcle, you need to verify the email address you used during registration. Go to your Sporcle Settings to finish the process.

Report this User

Report this user for behavior that violates our Community Guidelines.

Details: